Renewable energy : power for a sustainable future (Record no. 616909)

000 -LEADER
fixed length control field 00359nam a22001337a 4500
020 ## - INTERNATIONAL STANDARD BOOK NUMBER
International Standard Book Number 9780199261789
082 ## - DEWEY DECIMAL CLASSIFICATION NUMBER
Classification number 333.79 BOY
100 ## - MAIN ENTRY--PERSONAL NAME
Personal name Godfrey Boyle
9 (RLIN) 133992
245 ## - TITLE STATEMENT
Title Renewable energy : power for a sustainable future
Statement of responsibility, etc. Boyle, Godfrey
250 ## - EDITION STATEMENT
Edition statement 2nd ed.
260 ## - PUBLICATION, DISTRIBUTION, ETC.
Place of publication, distribution, etc. New York
Name of publisher, distributor, etc. Oxford University Press
Date of publication, distribution, etc. 2004
590 ## - LOCAL NOTE (RLIN)
Local note ...
942 ## - ADDED ENTRY ELEMENTS (KOHA)
Source of classification or shelving scheme
Koha item type Book
Holdings
Withdrawn status Lost status Source of classification or shelving scheme Damaged status Not for loan Permanent Location Current Location Date acquired Total Checkouts Full call number Barcode Date last seen Price effective from Koha item type
          US-Pakistan Center for Advanced Studies in Energy (USPCAS-E) US-Pakistan Center for Advanced Studies in Energy (USPCAS-E) 04/08/2026   333.79 BOY CAS-E0005724 04/08/2026 04/08/2026 Book
          US-Pakistan Center for Advanced Studies in Energy (USPCAS-E) US-Pakistan Center for Advanced Studies in Energy (USPCAS-E) 04/08/2026   333.79 BOY CAS-E0005725 04/08/2026 04/08/2026 Book
© 2023 Central Library, National University of Sciences and Technology. All Rights Reserved.